Statistiken für Wer bin Ich ? #01

Klicken Sie hier um das Quiz zu spielen!

Allgemein

  • Dieses Quiz wurde 409 mal gespielt
  • Das Durchschnittsergebnis liegt bei 3 aus 5

Antwortstatistiken

HinweiseFiguren% Korrekt
Ich wurde am 31. Juli 1980 geboren.
Ich habe eine Blitznarbe auf meiner Stirn.
Ich bin eine Waise und mein Onkel, meine Tante und mein Cousin hassen mich.
Ich bin ein Zauberer
Ich bin die Hauptfigur in einer Reihe von sieben Büchern und acht Filmen.
Ich bin...
Harry Potter
100%
Ich bin eine fiktive Figur aus dem Entenuniversum der Disney-Studios.
Ich wurde 1947 von dem Schriftsteller und Künstler Carl Barks gegründet.
Ich bin die „reichste Ente der Welt“.
Ich bin bekannt für meinen Geiz und meine abenteuerlustige Seite.
Ich bin...
Balthasar Dagobert
88%
Ich wurde am 15. August 1769 in Ajaccio geboren und starb am 5. Mai 1821 auf der Insel Sainte-Hélène
Ich kam 1799 durch den Staatsstreich vom 18. Brumaire ans VIII (9. November 1799) an die Macht.
Ich bin der erste Kaiser der Franzosen vom 18. Mai 1804 bis 6. April 1814 und vom 20. März bis 22. Juni 1815.
Ich bin eine historische Figur, die für die Schlacht von Austerlitz und die Schlacht von Waterloo bekannt ist.
Ich bin...
Napoleon Bonaparte
83%
Ich bin ein Ninja.
Ich bin ein jinchūriki.
Ich komme aus Konoha.
Ich bin ein Waisenkind und werde von den anderen Dorfbewohnern des Dorfes, aus dem ich komme, gehasst.
Ich bin der beste Ninja im Universum, wo ich herkomme.
Ich habe meinen Traum verwirklicht, Hokage zu werden.
Ich bin...
Naruto Uzumaki
41%
Ich wurde am 3. Januar 1892 in Bloemfontein geboren und bin am 2. September 1973 in Bournemouth gestorben.
Ich bin ein britischer Schriftsteller, Dichter, Philologe, Essayist und Universitätsprofessor.
In meinen berühmtesten Romanen habe ich die meiste Zeit meines Lebens Geographie, Völker, Geschichte und Sprachen entwickelt.
Ich habe meine erste Sprache, nevbosh (neuer Unsinn), erfunden, als ich noch ein Teenager war.
Ich mag Frankreich nicht.
Ich bin...
John Ronald Reuel Tolkien
15%

Verteilung der Resultate

Perzentil nach korrekt beantworteten Fragen

Anzahl Personen mit jedem Resultat

Ihre Resultats-Entwicklung

Sie haben dieses Quiz noch nicht gespielt